00877cam a22002531a 4500001001300000003000400013005001700017008004100034010001700075035002000092040002300112042001200135043001200147050001700159100003900176245008200215260004100297300009300338500007500431650002600506650003100532710004300563999001700606e 14001051 DLC20260227111201.0891127s1906 enkab 000 0 eng  ae 14001051  a(OCoLC)21007926 aDLCcNAlUdNcdDLC apremarc ae-uk-en00aLA638.E8bS31 aSadler, Michael,cSir,d1861-1943.10aReport on secondary and higher education in Essex /cby Michael E. Sadler ... aChelmsford :bJ. H. Nicholas,c1906. a1 p.l., ii-v, 418, v, xxiii-liv p. :bfold. front., diagrs., maps (part fold.) ;c25 cm. aAt head of title: Administrative county of Essex. Education committee. 0aEducation, Secondary. 0aEducationzEnglandzEssex.1 aEssex (England).bEducation Committee. c19671d19671